000 00519nam a22001817a 4500
008 170612b xxu||||| |||| 00| p tur d
020 _a9789759056728
041 _atur
050 _aPL248.T929
100 _9655
_aMehmet Akif Tutumlu
245 _aHarf Atışları
_cMehmet Akif Tutumlu
250 _a1. baskı
260 _aİstanbul
_bDigraf Yayıncılık, Şiirden
_cOcak 2010
300 _a72 sayfa
500 _aDigraf Yayıncılık: 78; Şiir-Antoloji: 49
650 0 _9145
_aTürk Edebiyatı
942 _2lcc
_cBK
999 _c987
_d965